[Event "Tournoi Skype 023B"]
[Site "Skype"]
[Date "????.??.??"]
[Round "4.2"]
[White "Montalvo, Mario"]
[Black "Leyton Calderon, Jairo Oswaldo"]
[Result "1/2-1/2"]
[WhiteElo "1360"]
[BlackElo "1572"]
[PlyCount "23"]

1. e4 e5 2. Nf3 Nc6 3. Bb5 Nf6 4. O-O Nxe4 5. d4 Nd6 6. Bxc6 dxc6 7. dxe5 Nf5
8. Qxd8+ Kxd8 9. Nc3 Be7 10. h3 h5 11. Rd1+ Ke8 12. Ne4 1/2-1/2

[Event "Tournoi Skype 023B"]
[Site "Skype"]
[Date "????.??.??"]
[Round "4.3"]
[White "Navghane, Rahul"]
[Black "Aceituno, Stebe"]
[Result "0-1"]
[WhiteElo "1506"]
[BlackElo "1458"]
[PlyCount "38"]

1. e4 c5 2. Nf3 Nc6 3. c4 g6 4. d4 cxd4 5. Nxd4 Bg7 6. Nxc6 bxc6 7. c5 Nf6 8.
Nc3 O-O 9. Bc4 d6 10. cxd6 exd6 11. O-O d5 12. exd5 cxd5 13. Nxd5 Be6 14. Nxf6+
Qxf6 15. Bxe6 Qxe6 16. Re1 Qb6 17. Rb1 Rad8 18. Qf3 Qb4 19. Re2 Rd1+ 0-1

[Event "Tournoi Skype 023B"]
[Site "Skype"]
[Date "????.??.??"]
[Round "4.4"]
[White "Couto, Januario"]
[Black "Kruzeniski, Randy"]
[Result "1/2-1/2"]
[WhiteElo "1482"]
[BlackElo "1427"]
[PlyCount "49"]

1. e4 c5 2. Nc3 e6 3. f4 d6 4. g3 Nc6 5. Bg2 Nf6 6. Nf3 Be7 7. d3 O-O 8. O-O
Qc7 9. b3 a6 10. Bb2 b5 11. e5 dxe5 12. Nxe5 Bb7 13. Ne4 Nxe5 14. Bxe5 Qd7 15.
Nxf6+ Bxf6 16. Bxb7 Bxe5 17. fxe5 Qxb7 18. Qf3 Qxf3 19. Rxf3 Rad8 20. Re1 b4
21. Re4 Rd5 22. Rfe3 h5 23. h4 a5 24. Rc4 Re8 25. Ree4 1/2-1/2

[Event "Tournoi Skype 023B"]
[Site "Skype"]
[Date "????.??.??"]
[Round "4.5"]
[White "Morelli, Daniel"]
[Black "Ram, Madhukesh"]
[Result "0-1"]
[WhiteElo "1394"]
[BlackElo "1275"]
[PlyCount "46"]

1. e4 c5 2. Nf3 d6 3. Bb5+ Bd7 4. Bxd7+ Nxd7 5. d3 Ngf6 6. Nbd2 e5 7. Nf1 Be7
8. Ne3 h6 9. O-O O-O 10. h3 a6 11. Nf5 Rc8 12. a4 c4 13. c3 Nc5 14. d4 exd4 15.
Qxd4 Nb3 16. Qd1 Nxa1 17. Ng3 Nb3 18. Re1 Nxc1 19. Qxc1 Re8 20. Nf5 Nd7 21. Nh2
Ne5 22. Re3 Bg5 23. f4 Bxf4 0-1

[Event "Tournoi Skype 023B"]
[Site "Skype"]
[Date "????.??.??"]
[Round "4.7"]
[White "Erten, Ozlem"]
[Black "Lemoine, Gerard"]
[Result "0-1"]
[WhiteElo "1256"]
[BlackElo "1567"]
[PlyCount "92"]

1. d4 d5 2. Bf4 Bf5 3. e3 Nd7 4. Bd3 Bxd3 5. Qxd3 e6 6. Nf3 f5 7. Ne5 Ngf6 8.
Nd2 Be7 9. Nxd7 Nxd7 10. Qb5 Qc8 11. Be5 c6 12. Qb3 O-O 13. Bf4 a5 14. Nf3 Bb4+
15. c3 Be7 16. Ng5 a4 17. Qd1 Nf6 18. Be5 Ng4 19. Nf3 Bf6 20. Bxf6 Nxf6 21. h4
Re8 22. Ne5 Ne4 23. h5 Qd8 24. h6 Re7 25. hxg7 Rxg7 26. Qh5 Qg5 27. Qxg5 Nxg5
28. Rh5 Nf7 29. Nxf7 Kxf7 30. g3 Kg6 31. Rh4 h5 32. Ke2 Re8 33. f3 Kf6 34. Rg1
Reg8 35. Rxh5 Rxg3 36. Rxg3 Rxg3 37. Rh8 Rg2+ 38. Kd3 Rxb2 39. Ra8 b5 40. Rc8
Rxa2 41. Rxc6 b4 42. cxb4 Ra3+ 43. Rc3 Ra1 44. b5 a3 45. b6 a2 46. Ra3 Rd1+ 0-1

[Event "Tournoi Skype 023B"]
[Site "Skype"]
[Date "????.??.??"]
[Round "4.8"]
[White "Duthoit, Bernard"]
[Black "Torres, Vicky"]
[Result "0-1"]
[WhiteElo "1421"]
[BlackElo "1265"]
[PlyCount "84"]

1. e4 e5 2. d4 Nf6 3. Bg5 d6 4. dxe5 dxe5 5. Qxd8+ Kxd8 6. Nf3 Bd6 7. Bc4 Be6
8. Bxe6 fxe6 9. O-O Ke7 10. Nc3 a6 11. Bh4 Nc6 12. h3 h6 13. Bg3 Kf7 14. a3 Nh7
15. Rad1 Ng5 16. Nxg5+ hxg5 17. Rd3 Nd4 18. Rd2 Rh6 19. Ne2 Nxe2+ 20. Rxe2 Rg6
21. f3 Rd8 22. b4 c5 23. c3 b6 24. Rd1 Kf6 25. Red2 Rh6 26. Rxd6 Rc8 27. Rxb6
cxb4 28. cxb4 Rc2 29. Rxa6 Rh8 30. Re1 Rhc8 31. Rb1 Ra2 32. b5 Rcc2 33. b6
Rxg2+ 34. Kh1 Rxg3 35. b7 Rxh3+ 36. Kg1 Rah2 37. Rab6 Rh1+ 38. Kg2 R1h2+ 39.
Kg1 Rh1+ 40. Kf2 R1h2+ 41. Ke3 g4 42. b8=Q Rxf3# 0-1

[Event "Tournoi Skype 023B"]
[Site "Skype"]
[Date "????.??.??"]
[Round "4.9"]
[White "Bustos, Ricardo"]
[Black "Malbec, Robert"]
[Result "1-0"]
[WhiteElo "1241"]
[BlackElo "1401"]
[PlyCount "67"]

1. d4 d5 2. c4 Nf6 3. Nc3 e6 4. Nf3 Bb4 5. Qa4+ Nc6 6. Bg5 h6 7. Bh4 Bd7 8. Qc2
a6 9. a3 Bxc3+ 10. Qxc3 O-O 11. e3 b6 12. Bd3 dxc4 13. Bxc4 b5 14. Ba2 Qe7 15.
O-O Rfe8 16. Rfe1 Ne4 17. Qd3 Ng5 18. Nxg5 hxg5 19. Bb1 g6 20. Bg3 Rac8 21. f4
Qf6 22. fxg5 Qxg5 23. Bf4 Qf5 24. Qc3 Qh5 25. Bd3 Rf8 26. Be2 Qf5 27. Rf1 Qd5
28. Bf3 Qc4 29. Qe1 Kg7 30. Qh4 Rh8 31. Qg3 Ne7 32. Be5+ f6 33. Bxf6+ Kxf6 34.
Bd5+ 1-0

[Event "Tournoi Skype 023B"]
[Site "Skype"]
[Date "????.??.??"]
[Round "4.10"]
[White "Munoz Gonzalez, Martin"]
[Black "Khatanhar, Mohit"]
[Result "1-0"]
[WhiteElo "1394"]
[BlackElo "1259"]
[PlyCount "71"]

1. e4 e5 2. Nf3 d6 3. d4 exd4 4. Nxd4 Bd7 5. Nc3 Be7 6. Be2 h6 7. O-O Nf6 8.
Bf3 c6 9. Re1 O-O 10. Bf4 Na6 11. Nb3 Nc7 12. Bxd6 Ne6 13. e5 Nh7 14. Ne4 f6
15. Bxe7 Qxe7 16. Qd6 Qe8 17. Nbc5 Nxc5 18. Nxc5 Rf7 19. e6 Re7 20. Rad1 Nf8
21. Bg4 b6 22. Nxd7 Nxd7 23. Bh5 Rxe6 24. Bxe8 Rxd6 25. Rxd6 Ne5 26. Bxc6 Rc8
27. Be4 Nc4 28. Bd5+ Kh8 29. Bxc4 Rxc4 30. c3 Rc5 31. Rd8+ Kh7 32. Rd7 a5 33.
Ree7 Rg5 34. Rb7 b5 35. b3 Rg4 36. Rxb5 1-0

[Event "Tournoi Skype 023B"]
[Site "Skype"]
[Date "????.??.??"]
[Round "4.11"]
[White "Harmelle, Dominique"]
[Black "Amato, Ludovica"]
[Result "1-0"]
[WhiteElo "1362"]
[BlackElo "1230"]
[PlyCount "68"]

1. d4 d5 2. Bf4 Nf6 3. e3 c5 4. c3 Qb6 5. Qb3 c4 6. Qxb6 axb6 7. Nf3 Bf5 8. Na3
Na6 9. Nb5 e6 10. Nd6+ Bxd6 11. Bxd6 Ne4 12. Ba3 Nc7 13. Be2 Nb5 14. Bb4 Ra6
15. O-O f6 16. Nh4 Bg6 17. Nxg6 hxg6 18. f3 Ng5 19. b3 Na3 20. Rfc1 b5 21. h3
Kd7 22. Kf2 Rha8 23. h4 Nf7 24. e4 b6 25. exd5 exd5 26. f4 Ke6 27. Bf3 Nd8 28.
Re1+ Kf5 29. Re2 R8a7 30. Bxd5 Kxf4 31. g3+ Kg4 32. Kg2 cxb3 33. Bxb3 Nc4 34.
a4 Nc6 1-0

[Event "Tournoi Skype 023B"]
[Site "Skype"]
[Date "????.??.??"]
[Round "4.12"]
[White "Escudero Ocana, Francisco"]
[Black "Alverson, Ginny"]
[Result "1-0"]
[WhiteElo "1338"]
[BlackElo "1190"]
[PlyCount "83"]

1. e4 c5 2. Nf3 Nc6 3. Bb5 a6 4. Bxc6 bxc6 5. O-O Nf6 6. Nc3 d5 7. e5 Ng4 8. h3
Nh6 9. d3 Bf5 10. Bxh6 gxh6 11. Re1 Bg7 12. Nh4 Bd7 13. Na4 Qa5 14. c3 c4 15.
d4 O-O 16. Nc5 Rad8 17. Nb7 Qc7 18. Nxd8 Qxd8 19. f4 f5 20. b4 cxb3 21. axb3
Bc8 22. Qd3 e6 23. Nf3 Qb6 24. c4 dxc4 25. bxc4 Qb4 26. Nd2 c5 27. Nb3 Qb6 28.
Nxc5 Qc6 29. Nb3 Bb7 30. d5 exd5 31. cxd5 Qxd5 32. Qxd5+ Bxd5 33. Nc5 Ra8 34.
Rab1 Ba2 35. Rb7 Bf8 36. Nd7 Bg7 37. e6 Bd4+ 38. Kh2 Bxe6 39. Rxe6 Rd8 40. Rxh6
Bg7 41. Nf6+ Kh8 42. Rxh7# 1-0

[Event "Tournoi Skype 023B"]
[Site "Skype"]
[Date "????.??.??"]
[Round "4.13"]
[White "Bankhede, Shivkumar"]
[Black "De Nobrega, George"]
[Result "1-0"]
[WhiteElo "1226"]
[BlackElo "1323"]
[PlyCount "61"]

1. d4 Nf6 2. c4 d5 3. Nc3 Nc6 4. Nf3 Bg4 5. h3 Bxf3 6. exf3 dxc4 7. Bxc4 Qxd4
8. Qxd4 Nxd4 9. O-O e6 10. Bf4 c6 11. Rad1 Bc5 12. Ne4 Nxe4 13. fxe4 Ne2+ 14.
Bxe2 O-O 15. Rd7 Bb4 16. Rxb7 c5 17. Bf3 a6 18. Rd1 Rfd8 19. Rxd8+ Rxd8 20. Ra7
a5 21. Bc7 Rc8 22. Bxa5 Bxa5 23. Rxa5 f5 24. exf5 exf5 25. Bb7 Rc7 26. Bd5+ Kf8
27. Ra8+ Ke7 28. Rh8 h6 29. f4 Ra7 30. Rc8 Kd6 31. Rd8+ 1-0

[Event "Tournoi Skype 023B"]
[Site "Skype"]
[Date "????.??.??"]
[Round "4.14"]
[White "Lecluyse, Koenraad"]
[Black "Franca, Diego"]
[Result "0-1"]
[WhiteElo "1224"]
[BlackElo "1291"]
[PlyCount "46"]

1. d4 Nf6 2. Nf3 d5 3. Bf4 g6 4. e3 Bg7 5. Bd3 O-O 6. O-O c5 7. c3 Nc6 8. Nbd2
Re8 9. Re1 Nh5 10. Bg3 Nxg3 11. hxg3 e5 12. e4 exd4 13. exd5 Rxe1+ 14. Qxe1 Ne7
15. Bc4 Bg4 16. Ng5 Nxd5 17. Nge4 dxc3 18. bxc3 Nxc3 19. f3 Nxe4 20. Rd1 Nxd2
21. fxg4 Bc3 22. Qe2 Qe8 23. Qf3 Nxf3+ 0-1

[Event "Tournoi Skype 023B"]
[Site "Skype"]
[Date "????.??.??"]
[Round "4.15"]
[White "Gonzalez, Ivan"]
[Black "Mantelli, Luca"]
[Result "0-1"]
[WhiteElo "1000"]
[BlackElo "1285"]
[PlyCount "58"]

1. d4 Nf6 2. Nc3 d5 3. g3 Bf5 4. Bg2 e6 5. e3 Be7 6. f3 c6 7. Bh3 Bxh3 8. Nxh3
Nbd7 9. f4 O-O 10. Qe2 Ne4 11. Nxe4 dxe4 12. Bd2 c5 13. Qg2 f5 14. Bc3 Rc8 15.
O-O-O cxd4 16. Bxd4 Qc7 17. Rd2 Rfd8 18. Ng5 Qc6 19. Qh3 h6 20. Nxe6 Qxe6 21.
Rg1 Bf6 22. g4 Bxd4 23. gxf5 Bxb2+ 24. Kb1 Qf6 25. Rdg2 Kh7 26. Qh5 Nf8 27. Qg4
Rd7 28. Rg3 Ba3 29. Qh3 Qb2# 0-1

[Event "Tournoi Skype 023B"]
[Site "Skype"]
[Date "????.??.??"]
[Round "4.16"]
[White "Moumtaz, Abderrahim"]
[Black "Berbedes, Jorgelina"]
[Result "1-0"]
[WhiteElo "1280"]
[BlackElo "1075"]
[PlyCount "43"]

1. d4 d5 2. c4 c6 3. Nc3 Nf6 4. Nf3 e6 5. Bg5 Bb4 6. Rc1 Nbd7 7. e3 Nb6 8. a3
Bxc3+ 9. Rxc3 Bd7 10. c5 Nc8 11. Bd3 h6 12. Bh4 a6 13. O-O g5 14. Bg3 Ne7 15.
Be5 Ng6 16. Re1 g4 17. Nd2 h5 18. e4 Qe7 19. Nf1 O-O-O 20. Qb3 h4 21. Qb6 dxe4
22. Qc7# 1-0

[Event "Tournoi Skype 023B"]
[Site "Skype"]
[Date "????.??.??"]
[Round "4.17"]
[White "Sanchez Padilla, Armando Edilber"]
[Black "Yilmazer, Seher"]
[Result "1-0"]
[WhiteElo "1287"]
[BlackElo "1148"]
[PlyCount "69"]

1. e4 c5 2. Nf3 d6 3. Bc4 Nf6 4. Nc3 Nc6 5. Ng5 Ne5 6. f4 Bg4 7. Be2 h6 8. Bxg4
hxg5 9. fxe5 dxe5 10. Bf5 e6 11. Bh3 Nxe4 12. Nxe4 g4 13. Bxg4 f5 14. Bh5+ Kd7
15. Nc3 Qh4+ 16. g3 Qh3 17. Bf3 e4 18. Nxe4 fxe4 19. Bxe4 Bd6 20. Qf3 Raf8 21.
Qg2 Bxg3+ 22. hxg3 Qg4 23. d3 Rh5 24. Rxh5 Qxh5 25. Be3 g5 26. g4 Qh4+ 27. Bf2
Qh8 28. O-O-O e5 29. Bxc5 Rc8 30. Bf5+ Kc7 31. Bxc8 Qxc8 32. Qd5 Qxg4 33. Qxe5+
Kd7 34. Rf1 Qh3 35. Qd6+ 1-0

[Event "Tournoi Skype 023B"]
[Site "Skype"]
[Date "????.??.??"]
[Round "4.18"]
[White "Cengiz, Ali Ekber"]
[Black "Borg, Anthony"]
[Result "0-1"]
[WhiteElo "1227"]
[BlackElo "1390"]
[PlyCount "82"]

1. e4 e6 2. d4 c6 3. c3 Nf6 4. Bd3 Be7 5. Nf3 d6 6. Bf4 Nbd7 7. O-O O-O 8. Nbd2
Nh5 9. Be3 b6 10. Nc4 Qc7 11. Re1 b5 12. Na3 a6 13. Nc2 Bb7 14. Bd2 Bf6 15. a4
g6 16. axb5 cxb5 17. Ne3 Bg7 18. Ng4 Nhf6 19. Nh6+ Kh8 20. Bf4 Nh5 21. Be3 Rae8
22. d5 exd5 23. exd5 Bxd5 24. Bd4 Bxd4 25. Rxe8 Bxf2+ 26. Kxf2 Rxe8 27. Qd2
Ndf6 28. Rxa6 Qc5+ 29. Nd4 Kg7 30. b4 Qc7 31. Nxb5 Qb7 32. Kf1 Qe7 33. Ra7 Nd7
34. Nd4 Nf4 35. Nc6 Bxc6 36. Bf5 Qe5 37. Bxd7 Bxd7 38. Rxd7 Qb5+ 39. c4 Qxd7
40. Qxf4 Re7 41. Ng4 Qe6 0-1

[Event "Tournoi Skype 023B"]
[Site "Skype"]
[Date "????.??.??"]
[Round "4.19"]
[White "Ruiz Gomez, Luz Alba"]
[Black "Silva, Givson"]
[Result "0-1"]
[WhiteElo "1235"]
[BlackElo "1365"]
[PlyCount "60"]

1. d4 d5 2. Nf3 Nf6 3. Bf4 Nc6 4. c3 e6 5. e3 Be7 6. Bd3 O-O 7. Nbd2 Nd7 8. O-O
f5 9. Qc2 Bf6 10. h3 Ne7 11. Ne5 c5 12. Nxd7 Bxd7 13. dxc5 Nc6 14. Nf3 Rc8 15.
b4 a6 16. Rab1 e5 17. Bxf5 Bxf5 18. Qxf5 exf4 19. Qxf4 Bxc3 20. a3 Rxf4 21.
exf4 Qf6 22. Rbc1 d4 23. g3 d3 24. Rcd1 Rd8 25. Kg2 d2 26. Ng5 h6 27. Ne4 Qd4
28. f3 Ne7 29. Rf2 Nf5 30. Nxd2 Ne3+ 0-1

[Event "Tournoi Skype 023B"]
[Site "Skype"]
[Date "????.??.??"]
[Round "4.20"]
[White "Khabou, Taha"]
[Black "Scata, Laura"]
[Result "0-1"]
[WhiteElo "1274"]
[BlackElo "1106"]
[PlyCount "108"]

1. d4 d5 2. c4 c6 3. cxd5 cxd5 4. Bf4 Bf5 5. Nc3 Nc6 6. e3 Nf6 7. Qb3 Qd7 8.
Nf3 e6 9. Bb5 Bd6 10. Be5 Bxe5 11. Nxe5 Qc7 12. Qa4 Nd7 13. Nxc6 bxc6 14. Bxc6
Rb8 15. Bxd7+ Qxd7 16. Qa3 Qb7 17. Na4 Qe7 18. Qxe7+ Kxe7 19. b3 Rbc8 20. Nc5
Rc7 21. Rc1 Kd6 22. Kd2 Re8 23. Na6 Rce7 24. f4 Be4 25. b4 f6 26. Rhg1 e5 27.
b5 exd4 28. exd4 Bf5 29. Rc6+ Kd7 30. Rc7+ Kd6 31. Rxa7 Rxa7 32. Nb8 Rb7 33.
Nc6 Rxb5 34. Na7 Rb2+ 35. Kc3 Rxa2 36. Nb5+ Kc6 37. Kb3 Rd2 38. Kb4 Rb2+ 39.
Kc3 Rxb5 40. g3 Rb1 41. Rg2 Be4 42. Rf2 Kb5 43. g4 Ka4 44. Ra2+ Kb5 45. Rf2
Rc1+ 46. Kd2 Rc4 47. Ke3 Rc3+ 48. Kd2 Kc4 49. g5 f5 50. h4 Kxd4 51. h5 Rc2+ 52.
Ke1 Rxf2 53. Kxf2 Kd3 54. Ke1 Ke3 0-1

[Event "Tournoi Skype 023B"]
[Site "Skype"]
[Date "????.??.??"]
[Round "4.21"]
[White "Luna Perez Vico, Lorenzo"]
[Black "Maccaferri, Massimo"]
[Result "1-0"]
[WhiteElo "1488"]
[BlackElo "1259"]
[PlyCount "43"]

1. e4 e5 2. Nf3 Nc6 3. Bc4 Nd4 4. c3 Nc6 5. d4 d6 6. h3 Qf6 7. d5 Na5 8. Be2
Qg6 9. b4 Qxg2 10. Rh2 Qg6 11. bxa5 Nf6 12. Nbd2 h5 13. Nh4 Qg1+ 14. Nf1 Nxe4
15. Rg2 Qh1 16. Rh2 Qg1 17. Qd3 f5 18. Bf3 Nc5 19. Qc2 Qxh2 20. Nxh2 Be7 21.
Ng6 Rh6 22. Bxh6 1-0

[Event "Tournoi Skype 023B"]
[Site "Skype"]
[Date "????.??.??"]
[Round "4.22"]
[White "Quillien, Pierre-Yves"]
[Black "Hernandez Lopez, Joaquin"]
[Result "1-0"]
[WhiteElo "1466"]
[BlackElo "1251"]
[PlyCount "33"]

1. e4 c5 2. c3 a6 3. d4 cxd4 4. cxd4 d6 5. Nf3 Nd7 6. Be2 Ngf6 7. e5 dxe5 8.
dxe5 Ng4 9. O-O e6 10. h3 Ngxe5 11. Nxe5 Nxe5 12. Qxd8+ Kxd8 13. Rd1+ Bd7 14.
Bf4 Ng6 15. Bg3 Be7 16. Bf3 Rb8 17. Bxb8 1-0

[Event "Tournoi Skype 023B"]
[Site "Skype"]
[Date "????.??.??"]
[Round "4.23"]
[White "Douichi, Mohammed"]
[Black "Cayo, Ana Carolina"]
[Result "0-1"]
[WhiteElo "1245"]
[BlackElo "1449"]
[PlyCount "60"]

1. d4 d5 2. e3 Nf6 3. c3 Bf5 4. Bd3 Bxd3 5. Qxd3 c6 6. Nf3 e6 7. O-O Bd6 8.
Nbd2 Nbd7 9. Ne5 Nxe5 10. dxe5 Bxe5 11. Nf3 Bc7 12. h3 Qd6 13. Qc2 e5 14. g3 h6
15. Qb3 O-O-O 16. Nh4 Qe6 17. Kh2 Ne4 18. Qa4 Kb8 19. f3 Ng5 20. Qg4 Qxg4 21.
fxg4 h5 22. Nf5 hxg4 23. h4 e4 24. Nxg7 Rxh4+ 25. Kg2 Rdh8 26. Nf5 Rh2+ 27. Kg1
Nf3+ 28. Rxf3 gxf3 29. Kf1 Rh1+ 30. Kf2 R8h2# 0-1

[Event "Tournoi Skype 023B"]
[Site "Skype"]
[Date "????.??.??"]
[Round "4.25"]
[White "Vincent, Andre"]
[Black "Farfallini, Michel"]
[Result "1-0"]
[WhiteElo "1372"]
[BlackElo "1223"]
[PlyCount "31"]

1. e4 e5 2. Nf3 Nc6 3. Bc4 Be7 4. d4 Nf6 5. dxe5 Nxe4 6. O-O Ng5 7. Re1 Nxf3+
8. Qxf3 O-O 9. Qg3 Bh4 10. Qf4 Be7 11. Nc3 Bc5 12. Be3 Bxe3 13. Rxe3 Na5 14.
Bd5 c6 15. Be4 h6 16. Rg3 1-0

[Event "Tournoi Skype 023B"]
[Site "Skype"]
[Date "????.??.??"]
[Round "4.26"]
[White "Gerbaux, Regis"]
[Black "Mimouni, Driss"]
[Result "1-0"]
[WhiteElo "1357"]
[BlackElo "1038"]
[PlyCount "53"]

1. e4 d5 2. exd5 Qxd5 3. Nc3 Qa5 4. Nf3 e5 5. d3 Bb4 6. Bd2 Nc6 7. Be2 Nd4 8.
O-O Nxf3+ 9. Bxf3 e4 10. Re1 Be6 11. Bxe4 Qb6 12. a3 Bc5 13. Be3 Bxe3 14. Rxe3
Nf6 15. Bd5 Nxd5 16. Nxd5 Qd6 17. Nc3 O-O 18. Qf3 c6 19. Rd1 Bd5 20. Nxd5 cxd5
21. Rde1 Rac8 22. c3 d4 23. cxd4 Qxd4 24. Qxb7 Qf6 25. Qxc8 Rxc8 26. Re8+ Rxe8
27. Rxe8# 1-0

[Event "Tournoi Skype 023B"]
[Site "Skype"]
[Date "????.??.??"]
[Round "4.27"]
[White "Bacha, Mehdi"]
[Black "Yanez, Leticia Jorgelina"]
[Result "0-1"]
[WhiteElo "1142"]
[BlackElo "1328"]
[PlyCount "92"]

1. b3 e5 2. Bb2 Nc6 3. e3 d6 4. d3 Nf6 5. a3 g6 6. c4 Bg7 7. Nc3 Be6 8. Nf3 Qd7
9. Be2 O-O 10. O-O Rad8 11. e4 Bg4 12. h3 Bxf3 13. Bxf3 Nd4 14. Nd5 c6 15.
Nxf6+ Bxf6 16. Bg4 Qc7 17. Bxd4 exd4 18. a4 d5 19. cxd5 cxd5 20. f3 Qg3 21. Qe1
Qxe1 22. Raxe1 h5 23. e5 Bg7 24. Bxh5 gxh5 25. f4 Rc8 26. f5 Rc3 27. e6 f6 28.
e7 Re8 29. Rf3 Kf7 30. g4 Bh6 31. Kg2 h4 32. Re6 Rxe7 33. Rxe7+ Kxe7 34. Kf1
Be3 35. Ke2 Rxb3 36. Rf1 Rc3 37. Rb1 b6 38. Rb5 Kd6 39. a5 Kc6 40. Rb1 Rc2+ 41.
Kd1 Rd2+ 42. Ke1 Rxd3 43. axb6 axb6 44. Ke2 Rc3 45. Ra1 Rc2+ 46. Kd3 Rd2# 0-1

[Event "Tournoi Skype 023B"]
[Site "Skype"]
[Date "????.??.??"]
[Round "4.29"]
[White "Schnell, Nicolas"]
[Black "Codina, Teresa"]
[Result "0-1"]
[WhiteElo "1000"]
[BlackElo "1287"]
[PlyCount "40"]

1. e4 e5 2. Bc4 Nf6 3. Qf3 Nc6 4. Nc3 Bb4 5. a3 Bxc3 6. Qxc3 O-O 7. Qf3 Nd4 8.
Qg3 Nxc2+ 9. Kf1 Nxa1 10. d3 Nh5 11. Qg4 g6 12. Nf3 d5 13. exd5 Bxg4 14. Nxe5
Be6 15. dxe6 fxe6 16. Bxe6+ Kg7 17. Ke2 Nf4+ 18. Kd1 Nxe6 19. Ng4 Qxd3+ 20. Ke1
Nc2# 0-1

[Event "Tournoi Skype 023B"]
[Site "Skype"]
[Date "????.??.??"]
[Round "4.30"]
[White "Battaglia, Gabriele"]
[Black "Lawton, Tony"]
[Result "1-0"]
[WhiteElo "1283"]
[BlackElo "1000"]
[PlyCount "49"]

1. Nf3 c5 2. g3 Nc6 3. Bg2 e6 4. O-O d5 5. d3 Bd6 6. Nbd2 Bd7 7. Re1 Qc7 8. h4
Nf6 9. c3 h6 10. e4 dxe4 11. dxe4 O-O-O 12. Nc4 Be7 13. e5 Ng4 14. Nd6+ Kb8 15.
Nxf7 Rhf8 16. Nxd8 Qxd8 17. Bd2 Be8 18. b4 Bh5 19. Qb3 Nxf2 20. Kxf2 Bg4 21. a4
Bxh4 22. Red1 Rf7 23. Qc4 Nxe5 24. Bf4 Rxf4 25. Rxd8+ 1-0

[Event "Tournoi Skype 023B"]
[Site "Skype"]
[Date "????.??.??"]
[Round "4.32"]
[White "Ozyuksel, Gulcan"]
[Black "Porcabeuf, Jean-Marc"]
[Result "1-0"]
[WhiteElo "1000"]
[BlackElo "1177"]
[PlyCount "87"]

1. e4 e6 2. Nf3 d5 3. d3 Nc6 4. Be3 e5 5. c3 dxe4 6. dxe4 Qxd1+ 7. Kxd1 Bd6 8.
Nbd2 Nf6 9. Bd3 O-O 10. Re1 Bg4 11. h3 Bd7 12. Ke2 a6 13. a3 b5 14. Kf1 Nh5 15.
Nb3 f5 16. Nc5 Bxc5 17. Bxc5 Rf7 18. c4 fxe4 19. Bxe4 bxc4 20. Bd5 Nf4 21.
Bxf7+ Kxf7 22. Rad1 Bf5 23. Nxe5+ Nxe5 24. Rxe5 Bd3+ 25. Kg1 Kg8 26. Rde1 h6
27. g3 Nxh3+ 28. Kh2 Nxf2 29. Re8+ Rxe8 30. Rxe8+ Kh7 31. Kg2 Ng4 32. Rd8 c6
33. Rd4 Nf6 34. Rd8 Ne4 35. Bd4 Ng5 36. Rd7 Kg6 37. Rxg7+ Kh5 38. Rc7 Be4+ 39.
Kf2 Kg4 40. Rg7 Kf5 41. Ra7 Nh3+ 42. Ke3 Kg4 43. Rxa6 h5 44. Kxe4 1-0

[Event "Tournoi Skype 023B"]
[Site "Skype"]
[Date "????.??.??"]
[Round "4.33"]
[White "Marty, Yvette"]
[Black "Farthouat, Catherine"]
[Result "0-1"]
[WhiteElo "1000"]
[BlackElo "1129"]
[PlyCount "56"]

1. e4 c5 2. Bc4 d6 3. d4 cxd4 4. Qxd4 Nc6 5. Qd3 Nf6 6. Nf3 e6 7. Nc3 a6 8. Qe2
b6 9. b3 Bb7 10. O-O Be7 11. Bg5 O-O 12. Bh4 Qc7 13. a4 Rfe8 14. Bd3 Rad8 15.
h3 d5 16. exd5 exd5 17. Rad1 d4 18. Ne4 Nb4 19. Nxf6+ Bxf6 20. Bf5 Rxe2 21. c3
dxc3 22. g3 Bxf3 23. Rxd8+ Qxd8 24. Bxh7+ Kxh7 25. Rc1 Bxh4 26. Rxc3 Qf6 27.
Rc4 Qa1+ 28. Kh2 Qh1# 0-1

[Event "Tournoi Skype 023B"]
[Site "Skype"]
[Date "????.??.??"]
[Round "4.35"]
[White "Swanepoel, Karel"]
[Black "Barrionuevo, Hilario"]
[Result "1-0"]
[WhiteElo "1000"]
[BlackElo "1000"]
[PlyCount "53"]

1. e4 e5 2. Nf3 Nc6 3. Nc3 Nf6 4. Bc4 Bb4 5. a3 Ba5 6. b4 Bb6 7. O-O d6 8. h3
a5 9. b5 Nd4 10. Ng5 d5 11. exd5 Qd6 12. d3 h6 13. Nce4 Nxe4 14. Nxe4 Qg6 15.
g4 f5 16. Ng3 h5 17. g5 f4 18. Ne4 Bxh3 19. Re1 Bf5 20. d6 cxd6 21. c3 Bxe4 22.
dxe4 Qxg5+ 23. Kf1 f3 24. Bxg5 Rf8 25. cxd4 g6 26. dxe5 Kd7 27. Qxd6+ 1-0

[Event "Tournoi Skype 023B"]
[Site "Skype"]
[Date "????.??.??"]
[Round "5.1"]
[White "Aceituno, Stebe"]
[Black "Vilone, Rino"]
[Result "1/2-1/2"]
[WhiteElo "1458"]
[BlackElo "1466"]
[PlyCount "69"]

1. e4 e5 2. Nf3 Nc6 3. Bb5 a6 4. Ba4 Nf6 5. d3 h6 6. c3 d6 7. O-O Be7 8. h3 O-O
9. Be3 b5 10. Bc2 Be6 11. Nbd2 Nh7 12. d4 Bd7 13. dxe5 dxe5 14. Nb3 Nf6 15. Nc5
Qc8 16. Nxd7 Qxd7 17. Qe2 Qe6 18. Bb3 Qc8 19. Qc2 Rb8 20. Rad1 Rd8 21. a4 Bd6
22. axb5 Rxb5 23. Ba4 Na5 24. Bxb5 axb5 25. b4 Nb7 26. Rd3 Nxe4 27. Rd5 c6 28.
Rxe5 Bxe5 29. Nxe5 Ned6 30. Rd1 f6 31. Qb3+ Nc4 32. Ng6 Rxd1+ 33. Qxd1 Qe8 34.
Qd3 Nxe3 35. fxe3 1/2-1/2

[Event "Tournoi Skype 023B"]
[Site "Skype"]
[Date "????.??.??"]
[Round "5.2"]
[White "Leyton Calderon, Jairo Oswaldo"]
[Black "Ram, Madhukesh"]
[Result "1/2-1/2"]
[WhiteElo "1572"]
[BlackElo "1275"]
[PlyCount "100"]

1. Nf3 Nc6 2. b3 e5 3. d3 Nf6 4. Bb2 d5 5. Nxe5 Nxe5 6. Bxe5 Bd6 7. Bb2 Be6 8.
e3 O-O 9. Be2 a6 10. Nd2 b5 11. O-O c6 12. c4 Rc8 13. cxd5 cxd5 14. Rc1 Nd7 15.
Nf3 h6 16. Qd2 Rxc1 17. Rxc1 Nf6 18. Be5 Ng4 19. Bxd6 Qxd6 20. h3 Nf6 21. Nd4
Bd7 22. Bf3 b4 23. Nc2 a5 24. Nd4 Nh7 25. h4 Re8 26. Qe2 Nf6 27. g4 g5 28. hxg5
hxg5 29. Kg2 Kg7 30. Rh1 Rh8 31. Rxh8 Kxh8 32. Nf5 Bxf5 33. gxf5 Qd8 34. d4 Qd7
35. Qd3 g4 36. Be2 Ne4 37. Bxg4 f6 38. f3 Nc3 39. Qc2 Qg7 40. a3 Qg5 41. axb4
Qxe3 42. bxa5 Ne2 43. Qd1 Nf4+ 44. Kf1 Nd3 45. Qe2 Qxd4 46. Qa2 Qe3 47. Qe2
Qc1+ 48. Kg2 Nf4+ 49. Kf2 Nxe2 50. Kxe2 Qc2+ 1/2-1/2

[Event "Tournoi Skype 023B"]
[Site "Skype"]
[Date "????.??.??"]
[Round "5.3"]
[White "Kruzeniski, Randy"]
[Black "Montalvo, Mario"]
[Result "1/2-1/2"]
[WhiteElo "1427"]
[BlackElo "1360"]
[PlyCount "76"]

1. Nf3 Nf6 2. d4 e6 3. e3 b6 4. Bd3 Bb7 5. O-O c5 6. b3 Be7 7. Bb2 cxd4 8. exd4
O-O 9. Nbd2 d5 10. Qe2 Nbd7 11. Ne5 Rc8 12. f4 Qc7 13. g4 Ne4 14. Nxd7 Qxd7 15.
Nxe4 dxe4 16. Bxe4 Bxe4 17. Qxe4 Qc7 18. c4 Rfe8 19. g5 Qc6 20. Qxc6 Rxc6 21.
h4 h6 22. Kg2 Kh7 23. Kf3 Kg6 24. Rh1 Kf5 25. Rae1 Bd6 26. Re4 Rcc8 27. Rhe1
hxg5 28. hxg5 Rh8 29. Kg3 Rh7 30. a4 Rch8 31. Re5+ Bxe5 32. Rxe5+ Kg6 33. Kf3
Rh3+ 34. Ke4 Rxb3 35. Bc1 Rh1 36. Bd2 Rd1 37. Be3 Rdd3 38. Bf2 Rf3 1/2-1/2

[Event "Tournoi Skype 023B"]
[Site "Skype"]
[Date "????.??.??"]
[Round "5.4"]
[White "Legueltel, Daniel"]
[Black "Harmelle, Dominique"]
[Result "1/2-1/2"]
[WhiteElo "1597"]
[BlackElo "1362"]
[PlyCount "61"]

1. e4 c6 2. d4 d5 3. exd5 cxd5 4. Nf3 Nc6 5. c3 Nf6 6. Bf4 a6 7. h3 Bf5 8. Bd3
Bxd3 9. Qxd3 e6 10. Nbd2 Be7 11. O-O h6 12. Ne5 O-O 13. Nxc6 bxc6 14. b4 Qd7
15. Nf3 Ne4 16. Ne5 Qb7 17. Qe3 Bg5 18. Bxg5 Nxg5 19. f4 Ne4 20. f5 exf5 21.
Rxf5 a5 22. Nd3 axb4 23. Nxb4 Ra3 24. Rc1 Nd6 25. Rf3 Re8 26. Qf2 Ne4 27. Qb2
Raa8 28. Qc2 Qd7 29. a4 Re6 30. Ra1 Qc7 31. Raf1 1/2-1/2